|
|
|
|
| LEADER |
00000nas a2200000 i 4500 |
| 001 |
ssj0001078601 |
| 003 |
WaSeSS |
| 005 |
20200512172242.0 |
| 006 |
m d |
| 007 |
cr n |
| 008 |
140109c20uu9999nyui| p|s|||||| |0eng d |
| 035 |
|
|
|a (WaSeSS)ssj0001078601
|
| 040 |
|
|
|a WaSeSS
|b eng
|c WaSeSS
|d WaSeSS
|
| 050 |
1 |
4 |
|a HG4028.C45
|
| 245 |
0 |
0 |
|a Treasury & risk. Breaking news
|h [electronic resource].
|
| 246 |
1 |
|
|a Treasury and risk. Breaking news
|
| 260 |
|
|
|a New York :
|b National Underwriter Company dba Summit Business Media
|
| 310 |
|
|
|a Three times a week
|
| 506 |
|
|
|a License restrictions may limit access.
|
| 588 |
|
|
|a Description based on: October 6, 2011; title from title screen (ProQuest, viewed Jan. 9, 2014).
|
| 588 |
|
|
|a Latest issue consulted: January 6, 2014 (viewed Jan. 9, 2014).
|
| 650 |
|
0 |
|a Cash management
|v Periodicals.
|
| 650 |
|
0 |
|a Corporations
|x Finance
|v Periodicals.
|
| 655 |
|
0 |
|a Electronic journals.
|
| 856 |
4 |
0 |
|z Full text available from Research Library: 10/06/2011 to 12/28/2017
|u https://search.proquest.com/publication/436333
|